000 02286nam a2200361 4500
001 113417
003 DR-UNIBE
005 20250408145943.0
008 250408b2008 dr ||||| |||| 00| 0 spa d
020 _a9789945001037
040 _aBIBLIOTECA UNIBE
_cBIBLIOTECA UNIBE
_bspa
041 _aspa
082 _222
_aRD 345.72930527 P328d
100 1 _aPaulino Baldera, Cristian de Jesús
_eautor
_9194006
245 1 4 _aLas diversas medidas de coerción y su aplicación en el proceso penal /
_cCristian de Jesús Paulino Baldera
260 _aSanto Domingo :
_bCirculo de Estudio Jurídico Vegano,
_c2008
300 _a387 páginas ;
_c24 x 16 cm
504 _aIncluye referencias bibliográficas (páginas: 384-387) e índice
505 0 _aDedicatoria | Presentación | Prólogo | Introducción | Capítulo 1. Concepto y naturaleza jurídica de la prisión preventiva | Capítulo 2. La prisión preventiva en el Código de Procedimiento Criminal de 1884 | Capítulo 3. Fuente legal de prisión preventiva en el nuevo Código Procesal Penal (Ley 76-02) | Capítulo 4. Principios y condiciones para establecer la prisión preventiva en el nuevo Código Procesal Penal | Capítulo 5. Procedencia de la prisión preventiva | Capítulo 6. Duración de la prisión preventiva en la fase preliminar | Capítulo 7. Procedimiento que acuerda la prisión preventiva | Capítulo 8. Medidas alternativas a la prisión preventiva | Capítulo 9. Medidas cautelares reales | Capítulo 10. El arresto | Capítulo 11. Breve recopilación de la jurisprudencias garantistas
650 7 _2lemb
_aCoacción (Derecho)
_zRepública Dominicana
_9194031
650 7 _2lemb
_aDetención preventiva
_zRepública Dominicana
_9194032
650 7 _2lemb
_aProcedimiento penal
_zRepública Dominicana
_915663
650 7 _2lemb
_aProceso penal
650 7 _2lemb
_aJurisprudencia penal
_950252
650 7 _2lemb
_aAdministración de justicia penal
650 7 _2lemb
_aDerecho penal
650 7 _2lemb
_aMedidas cautelares
650 7 _2lemb
_aRecursos provisionales
_929411
700 1 _aGonzález Canahuate, L. Almanzor,
_d1935-
_eeditor
_914808
700 1 _aÁlvarez Valencia, Hugo
_eprologuista
_952680
700 1 _aCampos Calderón, J. Federico
_eintroducción
_9194007
942 _2ddc
_cBK
999 _c113417
_d113417